Ιστορία : ΣΤ' Δημοτικού
Αποθηκεύτηκε σε:
| Κύριος συγγραφέας: | |
|---|---|
| Άλλοι συγγραφείς: | |
| Μορφή: | Βιβλίο |
| Γλώσσα: | Greek |
| Δημοσίευση: |
Αθήνα :
Ελληνικά Γράμματα,
2006.
|
| Σειρά: | Ελληνική εκπαίδευση. Δημοτικό (Ελληνικά Γράμματα)
|
| Θέματα: | |
| Ετικέτες: |
Προσθήκη ετικέτας
Δεν υπάρχουν, Καταχωρήστε ετικέτα πρώτοι!
|
MARC
| LEADER | 00000cam a2200000 i 4500 | ||
|---|---|---|---|
| 001 | 1/47020 | ||
| 008 | 070628s2006 gr | ||| |||| ||gre|| | ||
| 020 | |a 9604423290 | ||
| 035 | |l 10088530 | ||
| 040 | |a GR-MY-UA |b gre |e aacr | ||
| 041 | 0 | |a gre | |
| 082 | 7 | |a 372.89495 |2 (22) | |
| 100 | 1 | |a Γρυντάκης, Γιάννης Μ., |d 1940- | |
| 245 | 1 | 0 | |a Ιστορία : |b ΣΤ' Δημοτικού / |c Γιάννης Γρυντάκης...[κ.ά.] ; [επιμέλεια έκδοσης: Σίνος Γκιώκας]. |
| 260 | |a Αθήνα : |b Ελληνικά Γράμματα, |c 2006. | ||
| 300 | |a 326 σ. : |b εικ. ; |c 26 εκ.+ |e 1 ένθετο. | ||
| 490 | 1 | |a (Ελληνική εκπαίδευση. Δημοτικό / Ελληνικά Γράμματα) | |
| 500 | |a Περιέχει ένθετο απαντήσεων με δυνατότητα απόσπασης. | ||
| 650 | 0 | 0 | |a History |x Study and teaching. |
| 650 | 0 | 0 | |a History |x Study and teaching (Elementary) |
| 650 | 0 | 0 | |a History |x Study and teaching (Elementary) |z Greece. |
| 650 | 0 | 0 | |a History, Modern |y 20th century. |
| 700 | 1 | |a Δάλκος, Γεώργιος. | |
| 830 | 0 | |a Ελληνική εκπαίδευση. |p Δημοτικό (Ελληνικά Γράμματα) | |
| 852 | |a INST |b RHODES |e 20070628 |h 372.89495 ΓΡΥ |p 005400026506 |q 005400026506 |t BK |y 0 | ||
| 852 | |a INST |b RHODES |e 20070629 |h 372.89495 ΓΡΥ |p 005400026339 |q 005400026339 |t BK |y 0 | ||
| 901 | |a BIBL4-2007-2 | ||
| 909 | |a Ρ |b 127999 | ||
| 909 | |a Ρ |b 128000 | ||
| 970 | |a ΧΑΡΙΟΠΟΛΙΤΟΥ |b ΚΩΝΣΤΑΝΤΙΝΑ |z 2007/06/28 | ||